000
00339nam a2200145 i 4500
001
bg
100
1
_a
BADYLKES, I. S.
245
0
_a
Czynniki i procesy ziębnicze /
_c
I.S. Badyl'kes.
260
_a
Warszawa,
_c
1966.
040
_c
BPK
041
_a
pol
080
_a
621.56/.59
942
_c
KS
008
s pl f |000 0 pol
999
_c
16164
_d
16164